[Event "PNWCC Masters WOO 2020"]
[Site "chess.com INT"]
[Date "2020.07.04"]
[Round "1.23"]
[White "Singh, Hersh"]
[Black "Martinez Alcantara, Jose Eduardo"]
[Result "0-1"]
[BlackTitle "GM"]
[WhiteElo "1906"]
[BlackElo "2620"]
[WhiteFideId "30918804"]
[BlackFideId "3805662"]
[EventDate "2020.07.04"]

1. d4 Nf6 2. c4 e6 3. g3 Bb4+ 4. Bd2 c5 5. Nf3 b6 6. Bg2 Bb7 7. O-O O-O 8. a3
Bxd2 9. Nbxd2 Qc7 10. b4 d6 11. Qc2 Nbd7 12. e4 cxd4 13. Nxd4 a6 14. Rac1 Rac8
15. Rfd1 Qb8 16. Qb1 Qa8 17. Re1 Rfe8 18. h3 Nf8 19. Qd3 Ng6 20. Qf1 h5 21. h4
Rc7 22. Qe2 Rec8 23. Bf3 Ne5 24. Bg2 b5 25. f4 Nxc4 26. Nxc4 Rxc4 27. Rxc4 Rxc4
28. e5 dxe5 29. Bxb7 Qxb7 30. Qxe5 Qb6 31. Rd1 Ng4 32. Qe4 Rc3 33. Rd3 f5 34.
Qa8+ Kh7 35. Rd2 Rxg3+ 36. Kh1 Qc7 37. Ne2 Rh3+ 38. Kg1 Qb6+ 39. Nd4 Rxh4 40.
Qf3 Nf6 41. Qe3 Rg4+ 42. Rg2 Nd5 43. Qd2 Rxf4 0-1

[Event "PNWCC Masters WOO 2020"]
[Site "chess.com INT"]
[Date "2020.07.04"]
[Round "1.24"]
[White "Kobalia, Mikhail"]
[Black "Altman, Joshua"]
[Result "1-0"]
[WhiteTitle "GM"]
[BlackTitle "CM"]
[WhiteElo "2614"]
[BlackElo "1926"]
[WhiteFideId "4119150"]
[BlackFideId "426210"]
[EventDate "2020.07.04"]

1. e4 e6 2. d4 d5 3. Nc3 Nf6 4. e5 Nfd7 5. f4 c5 6. Nf3 Nc6 7. Be3 a6 8. Ne2 Be7
9. c3 O-O 10. g3 b5 11. Bg2 b4 12. cxb4 cxd4 13. Nexd4 Bxb4+ 14. Kf2 Nxd4 15.
Nxd4 Bc5 16. Rc1 Bb7 17. Re1 Rc8 18. Re2 Bxd4 19. Bxd4 Qa5 20. a3 Bc6 21. Qd2
Qa4 22. Re3 h6 23. Rec3 Bb7 24. Bf3 Rxc3 25. Rxc3 Nb8 26. Rc7 Nc6 27. Bc5 Rb8
28. Bd6 Qb3 29. Kg2 Rc8 30. Bd1 Qb6 31. Rxc8+ Bxc8 32. b4 Bb7 33. Bc5 Qc7 34.
Bf3 Na5 35. Bd4 Nc4 36. Qc3 Qd7 37. Bd1 Bc6 38. Bc2 Ba4 39. Bb1 Qb5 40. f5 Nxa3
41. Qxa3 Qe2+ 42. Bf2 Qd1 43. Qd3 Qc1 44. fxe6 Bb5 45. Qh7+ Kf8 46. Bc5+ Ke8 47.
Qg8# 1-0

[Event "PNWCC Masters WOO 2020"]
[Site "chess.com INT"]
[Date "2020.07.04"]
[Round "1.25"]
[White "Wen, Tommy"]
[Black "Jobava, Baadur"]
[Result "0-1"]
[BlackTitle "GM"]
[WhiteElo "2014"]
[BlackElo "2603"]
[WhiteFideId "30952255"]
[BlackFideId "13601520"]
[EventDate "2020.07.04"]

1. e4 c6 2. d4 d5 3. Nc3 g6 4. e5 h5 5. Nf3 Bg4 6. Be2 e6 7. Bg5 Be7 8. Bxe7
Nxe7 9. Qd2 Nf5 10. h3 Bxf3 11. Bxf3 Nh4 12. Qd3 Nd7 13. g3 Nxf3+ 14. Qxf3 c5
15. dxc5 Rc8 16. O-O-O Rxc5 17. Qe3 Qa5 18. a3 Qc7 19. f4 Nb6 20. Qd4 Ke7 21. g4
Rc4 22. Qd2 Rc8 23. Rh2 hxg4 24. Nb5 Qc5 25. Nd6 Rxc2+ 26. Qxc2 Qe3+ 27. Kb1
Rxc2 28. Rxc2 gxh3 29. Rc7+ Nd7 30. Rxb7 h2 31. Ka2 Qg1 32. Rd2 h1=Q 33. Rc2
Qb1+ 34. Kb3 Qf3+ 35. Rc3 Qfd1+ 36. Kb4 Qxb2+ 0-1

[Event "PNWCC Masters WOO 2020"]
[Site "chess.com INT"]
[Date "2020.07.04"]
[Round "1.26"]
[White "Safarli, Eltaj"]
[Black "Wiebe, Daniel"]
[Result "1-0"]
[WhiteTitle "GM"]
[WhiteElo "2598"]
[BlackElo "1988"]
[WhiteFideId "13402129"]
[BlackFideId "2612275"]
[EventDate "2020.07.04"]

1. e4 c5 2. Nc3 d6 3. Bb5+ Nc6 4. Bxc6+ bxc6 5. d3 g6 6. f4 Bg7 7. Nf3 c4 8. d4
d5 9. Ne5 Nf6 10. Nxc6 Qd6 11. exd5 Nxd5 12. Ne5 Nxc3 13. bxc3 Bb7 14. O-O Qd5
15. Qe2 O-O 16. Ba3 f6 17. Nf3 Rfe8 18. Rfe1 e5 19. dxe5 fxe5 20. Rad1 Qc6 21.
f5 gxf5 22. Rd6 Qe4 23. Qf1 Qg4 24. h3 Qg3 25. Qxc4+ Kh8 26. Qh4 Qxh4 27. Nxh4
Be4 28. Re2 Rad8 29. g4 Rxd6 30. Bxd6 Rd8 31. gxf5 Rxd6 32. Rxe4 Rd2 33. Rc4 Bh6
34. f6 Be3+ 35. Kh1 Kg8 36. Nf5 Bg5 37. Rg4 Kf7 38. Rxg5 Kxf6 39. h4 Rxc2 40.
Ne3 Rxa2 41. Ng4+ Ke6 42. Rxe5+ Kd6 43. Rh5 Rc2 44. Rh6+ Kc5 45. Rxh7 a5 46. Ne3
Re2 47. Rh5+ Kc6 48. Nf5 Kb6 49. Nd4 Rd2 50. Rb5+ Ka6 51. Rxa5+ 1-0

[Event "PNWCC Masters WOO 2020"]
[Site "chess.com INT"]
[Date "2020.07.04"]
[Round "1.27"]
[White "Kunka, Harshid"]
[Black "Indjic, Aleksandar"]
[Result "0-1"]
[BlackTitle "GM"]
[WhiteElo "1913"]
[BlackElo "2618"]
[WhiteFideId "30922216"]
[BlackFideId "911925"]
[EventDate "2020.07.04"]

1. e4 c5 2. Nf3 Nc6 3. d4 cxd4 4. Nxd4 Nf6 5. Nc3 d6 6. Bg5 Bd7 7. Qd2 Rc8 8.
O-O-O Nxd4 9. Qxd4 Qa5 10. Bxf6 gxf6 11. Kb1 Qc5 12. Qxc5 Rxc5 13. Rd5 a6 14.
Be2 e6 15. Rxc5 dxc5 16. Bf3 Bc6 17. Re1 Bd6 18. Nd5 Be5 19. Ne3 h5 20. h4 Ke7
21. c3 b5 22. Kc2 Rb8 23. Nf1 b4 24. c4 a5 25. Ng3 b3+ 26. axb3 a4 27. Nf1 Rxb3
28. Rb1 Rb8 29. Nd2 Bd4 30. e5 Bxf3 31. exf6+ Bxf6 32. Nxf3 Rb4 33. Nd2 Bxh4 34.
g3 Bf6 35. f4 Bd4 36. Kd3 Bxb2 37. Kc2 a3 0-1

[Event "PNWCC Masters WOO 2020"]
[Site "chess.com INT"]
[Date "2020.07.04"]
[Round "1.28"]
[White "Chigaev, Maksim"]
[Black "Zhang, Samuel"]
[Result "1-0"]
[WhiteTitle "GM"]
[WhiteElo "2588"]
[BlackElo "2033"]
[WhiteFideId "4108116"]
[BlackFideId "30942993"]
[EventDate "2020.07.04"]

1. e4 c5 2. Nf3 d6 3. d4 cxd4 4. Nxd4 Nf6 5. Nc3 a6 6. h3 e6 7. g4 b5 8. Bg2 Bb7
9. a3 Be7 10. g5 Nfd7 11. h4 Nc6 12. f4 h6 13. Nxc6 Bxc6 14. Be3 a5 15. Ne2 e5
16. Qd2 Nb6 17. b3 h5 18. Ng3 g6 19. f5 Qc7 20. O-O Nd7 21. Rf2 Qb7 22. Raf1 Rh7
23. fxg6 fxg6 24. Bh3 Bxe4 25. Nxe4 Qxe4 26. Bg2 Qg4 27. Qd5 1-0

[Event "PNWCC Masters WOO 2020"]
[Site "chess.com INT"]
[Date "2020.07.04"]
[Round "1.29"]
[White "Jiang, Brandon"]
[Black "Mikhalevski, Victor"]
[Result "1/2-1/2"]
[BlackTitle "GM"]
[WhiteElo "1954"]
[BlackElo "2565"]
[WhiteFideId "30943582"]
[BlackFideId "2801914"]
[EventDate "2020.07.04"]

1. e4 c5 2. Nf3 a6 3. c3 d5 4. exd5 Qxd5 5. d4 Nf6 6. Be2 cxd4 7. cxd4 e6 8. Nc3
Qd6 9. O-O Be7 10. Bg5 Nc6 11. Qd2 O-O 12. Bf4 Qd8 13. Rad1 Nb4 14. Ne5 Bd7 15.
Bf3 Bc6 16. Bxc6 Nxc6 17. d5 exd5 18. Nxd5 Nxd5 19. Qxd5 Qxd5 20. Rxd5 Nxe5 21.
Bxe5 Rfd8 22. Rfd1 Rxd5 23. Rxd5 f6 24. Bc3 Kf7 25. Rd7 Rd8 26. Rxd8 Bxd8 27.
Kf1 Ke6 28. Ke2 g6 29. Kd3 b5 30. Bd4 f5 31. b3 Kd5 32. f3 Bc7 33. h3 Bg3 34.
Be3 h5 35. Bg5 Bc7 36. Bf6 Bb6 37. Bg5 Ke5 38. Bh6 Bf2 39. Be3 Bh4 40. Bb6 Be7
41. Bc7+ Kd5 42. Bb8 Kc5 43. Be5 Kb4 44. Bb2 Bd8 45. Kc2 a5 46. Be5 Ka3 47. Kb1
Be7 48. Bb2+ Kb4 49. Kc2 a4 50. bxa4 bxa4 51. Be5 Kc4 52. Bc7 g5 53. Be5 g4 54.
hxg4 hxg4 55. fxg4 fxg4 56. Bc7 Bc5 57. Bg3 Bd4 58. Bf4 Bb6 59. Bg3 Bc5 60. Bh2
Be3 61. Bb8 Kd4 62. Bg3 Ke4 63. Bb8 Bf4 64. Ba7 Be5 65. Kd2 Bf6 66. Ke2 Bg7 67.
Bb6 Kf4 68. Bc7+ Ke4 69. Bb6 Be5 70. Ba7 Kf4 71. Kf2 Bc7 72. Bc5 Ke4 73. Ke2 Kd5
74. Be3 Kc4 75. Kd2 Be5 76. Kc2 Bc3 77. Bf2 Bb4 78. Be3 Be1 79. Ba7 Bh4 80. Be3
Bf6 81. Bf2 Bd4 82. Bg3 Be3 83. Be5 Bf2 84. Bf4 Kd4 85. Kd2 Ke4 86. Ke2 Bh4 87.
Bh6 Bf6 88. Be3 Be5 89. Ba7 Bd4 90. Bxd4 Kxd4 91. Kd2 g3 92. a3 Kc4 93. Kc2 Kd4
94. Kd2 Ke4 95. Ke2 Kd4 96. Kd2 1/2-1/2

[Event "PNWCC Masters WOO 2020"]
[Site "chess.com INT"]
[Date "2020.07.04"]
[Round "1.30"]
[White "Shabalov, Alexander"]
[Black "Nguyen, Thanh Thuy Tien"]
[Result "1-0"]
[WhiteTitle "GM"]
[BlackTitle "WIM"]
[WhiteElo "2528"]
[BlackElo "1971"]
[WhiteFideId "2008572"]
[BlackFideId "12400998"]
[EventDate "2020.07.04"]

1. Nf3 Nf6 2. e3 e6 3. c4 d5 4. Nc3 b6 5. b3 Bb7 6. Bb2 Nbd7 7. Be2 Be7 8. Qc2
c5 9. O-O Rc8 10. Rac1 O-O 11. cxd5 Nxd5 12. Qb1 N7f6 13. Rfd1 Nxc3 14. Bxc3 Ne4
15. Be5 Bd6 16. d4 Bxe5 17. dxe5 Qc7 18. Bd3 Qc6 19. b4 f5 20. Nd4 cxd4 21. Rxc6
Bxc6 22. Rc1 dxe3 23. fxe3 Bd5 24. Rxc8 Rxc8 25. Qb2 Nc3 26. a3 Na4 27. Qa1 a6
28. Bxa6 Rc2 29. Bf1 Nc3 30. Qe1 Na2 31. h3 Rc1 32. Qd2 Rc3 33. g4 fxg4 34. e4
Rg3+ 35. Kh2 Nc3 36. exd5 exd5 37. Bg2 Rxh3+ 38. Bxh3 g3+ 39. Kg2 1-0

[Event "PNWCC Masters WOO 2020"]
[Site "chess.com INT"]
[Date "2020.07.04"]
[Round "1.31"]
[White "Sampath, Aja"]
[Black "Bosiocic, Marin"]
[Result "0-1"]
[BlackTitle "GM"]
[WhiteElo "1981"]
[BlackElo "2625"]
[WhiteFideId "30955190"]
[BlackFideId "14507927"]
[EventDate "2020.07.04"]

1. e4 d6 2. d4 Nf6 3. Nc3 e5 4. Nf3 Nbd7 5. Bc4 Be7 6. O-O O-O 7. h3 c6 8. a4 a5
9. Be3 exd4 10. Qxd4 Nc5 11. Rad1 Be6 12. Bxe6 Nxe6 13. Qc4 Re8 14. e5 d5 15.
Qb3 Nd7 16. Qxb7 Rc8 17. Qa6 Qc7 18. Rfe1 Bb4 19. Qe2 Nxe5 20. Ng5 Nc4 21. Bc1
h6 22. Nxe6 Rxe6 23. Qg4 Ne5 24. Qg3 Rce8 25. f4 Ng6 26. Rxe6 Rxe6 27. Qf2 Qe7
28. Kh1 f5 29. Bd2 Bc5 30. Qg3 Kh7 31. Na2 Be3 32. Bxa5 Bxf4 33. Qf3 Re3 34. Qf2
Qe4 35. Nc3 Rxh3+ 36. Kg1 Rxc3 0-1

[Event "PNWCC Masters WOO 2020"]
[Site "chess.com INT"]
[Date "2020.07.04"]
[Round "1.32"]
[White "Lintchevski, Daniil"]
[Black "Padhye, Rohan"]
[Result "1-0"]
[WhiteTitle "GM"]
[WhiteElo "2559"]
[BlackElo "1716"]
[WhiteFideId "4171055"]
[BlackFideId "30946034"]
[EventDate "2020.07.04"]

1. e4 e5 2. Nf3 Nc6 3. d4 exd4 4. Nxd4 Bc5 5. Nb3 Bb6 6. Nc3 Nf6 7. Qe2 O-O 8.
Bg5 h6 9. Bh4 Nd4 10. Qd3 Nxb3 11. axb3 c6 12. O-O-O Bc7 13. Kb1 Qe7 14. f3 Rd8
15. Qd2 Re8 16. Bg3 d5 17. exd5 Nxd5 18. Nxd5 cxd5 19. Bb5 Rd8 20. Rhe1 Be6 21.
Bd3 Bxg3 22. hxg3 Qc7 23. Qf4 Rac8 24. Qxc7 Rxc7 25. b4 Rcd7 26. b3 d4 27. Kb2
Rd6 28. b5 b6 29. Ra1 R8d7 30. Ra4 Rc7 31. Rea1 Rdd7 32. Be4 Bd5 33. Rxd4 Bxe4
34. Rxd7 Rxd7 35. fxe4 Kf8 36. c4 Rd2+ 37. Kc3 Rxg2 38. Rxa7 Rxg3+ 39. Kb2 Rg2+
40. Ka3 Rc2 41. Rb7 h5 42. Rxb6 Ke7 43. Rb7+ Kd8 44. Rxf7 h4 45. Rxg7 h3 46. Rh7
h2 47. b6 Kc8 48. Kb4 Kb8 49. Kb5 Rg2 50. c5 Kc8 51. Rh8+ Kd7 52. b7 Rb2 53. b4
h1=Q 54. Rxh1 Kc7 55. Rh7+ Kb8 56. Kc6 Rh2 57. Rxh2 Ka7 58. Ra2+ Kb8 59. Ra8# 1-0

[Event "PNWCC Masters WOO 2020"]
[Site "chess.com INT"]
[Date "2020.07.04"]
[Round "1.33"]
[White "Sairam, Pranav"]
[Black "Grigoriants, Sergey"]
[Result "0-1"]
[BlackTitle "GM"]
[WhiteElo "1810"]
[BlackElo "2542"]
[WhiteFideId "30951330"]
[BlackFideId "4130804"]
[EventDate "2020.07.04"]

1. e4 e5 2. Nf3 Nc6 3. Bb5 a6 4. Bxc6 dxc6 5. d3 f6 6. Be3 Ne7 7. Nbd2 Ng6 8.
Nf1 Be6 9. Ng3 h5 10. Nf5 Qd7 11. N3h4 Nxh4 12. Nxh4 Bf7 13. Qf3 O-O-O 14. O-O-O
c5 15. Kb1 a5 16. h3 a4 17. g4 hxg4 18. hxg4 Be6 19. Rdg1 Qf7 20. a3 c4 21. dxc4
Bxc4 22. g5 Ba2+ 23. Ka1 Be6 24. g6 Qd7 25. Nf5 Rxh1 26. Rxh1 Qc6 27. Rd1 Rxd1+
28. Qxd1 Qxe4 29. Ng3 Qxg6 30. Qd2 Qg4 31. Ne2 Qc4 32. Nc1 Bf5 33. c3 Qe4 0-1

[Event "PNWCC Masters WOO 2020"]
[Site "chess.com INT"]
[Date "2020.07.04"]
[Round "1.34"]
[White "Shyam, Sundar M."]
[Black "Sivakumar, Shaashwath"]
[Result "1-0"]
[WhiteTitle "GM"]
[WhiteElo "2518"]
[BlackElo "1866"]
[WhiteFideId "5019141"]
[BlackFideId "30912156"]
[EventDate "2020.07.04"]

1. e4 c5 2. Nc3 d6 3. d4 cxd4 4. Qxd4 Nc6 5. Qd2 g6 6. b3 Bg7 7. Bb2 Nf6 8.
O-O-O a6 9. f3 Be6 10. Nge2 Qa5 11. Kb1 Rc8 12. g4 Nd7 13. h4 h5 14. g5 b5 15.
Bg2 Nb6 16. Nd5 Qxd2 17. Rxd2 Bxb2 18. Kxb2 Bxd5 19. exd5 Ne5 20. Re1 Rc5 21. f4
Ng4 22. Ng3 Kd7 23. Ne4 Rxd5 24. Rde2 e6 25. Ng3 Rc5 26. Rd1 Rhc8 27. Bb7 R8c7
28. Ne4 Rf5 29. Rxd6+ Ke7 30. Rxb6 Rxf4 31. Nc3 Kf8 32. Bxa6 Nf2 33. Bxb5 Rf3
34. Bc6 Rf4 35. a4 1-0

[Event "PNWCC Masters WOO 2020"]
[Site "chess.com INT"]
[Date "2020.07.04"]
[Round "1.35"]
[White "Johnson, Donald"]
[Black "Tran, Tuan Minh"]
[Result "0-1"]
[BlackTitle "GM"]
[WhiteElo "1857"]
[BlackElo "2518"]
[WhiteFideId "30949122"]
[BlackFideId "12401820"]
[EventDate "2020.07.04"]

1. e4 c5 2. Nf3 d6 3. d4 cxd4 4. Nxd4 Nf6 5. Nc3 a6 6. h3 e5 7. Nde2 h5 8. Bg5
Be6 9. Bxf6 Qxf6 10. Nd5 Qd8 11. Qd3 Nd7 12. O-O-O g6 13. Kb1 Nc5 14. Qf3 Bg7
15. Nec3 O-O 16. Ne3 b5 17. Be2 Rb8 18. h4 b4 19. Ncd5 a5 20. g3 a4 21. Qg2 f5
22. exf5 gxf5 23. Bxh5 e4 24. g4 f4 25. Nf5 Bxd5 26. Rxd5 Qf6 27. Nxg7 a3 28. c3
bxc3 29. Ne8 c2+ 30. Kxc2 Rxb2+ 31. Kd1 Rb1+ 32. Ke2 f3+ 33. Ke3 Qc3+ 34. Rd3
Qxd3# 0-1

[Event "PNWCC Masters WOO 2020"]
[Site "chess.com INT"]
[Date "2020.07.04"]
[Round "1.36"]
[White "Brodsky, David"]
[Black "Sivakumar, Shaaketh"]
[Result "1-0"]
[WhiteTitle "IM"]
[WhiteElo "2455"]
[BlackElo "1870"]
[WhiteFideId "2073250"]
[BlackFideId "30940176"]
[EventDate "2020.07.04"]

1. e4 e6 2. d4 d5 3. Nd2 c5 4. Ngf3 Nc6 5. exd5 exd5 6. Bb5 Qe7+ 7. Be2 Qc7 8.
O-O Nf6 9. Bb5 Be7 10. dxc5 Bxc5 11. Qe2+ Be6 12. Ng5 Qd6 13. Nb3 Bb6 14. Nxe6
fxe6 15. c4 Bc7 16. g3 O-O 17. cxd5 exd5 18. Bf4 Qd8 19. Bxc7 Qxc7 20. Rac1 Qd6
21. Bxc6 bxc6 22. Qa6 Qe5 23. Rc2 h5 24. Re2 Qd6 25. Rc1 Rac8 26. Nd4 Ne4 27.
Rxc6 Rxc6 28. Qxc6 Qxc6 29. Nxc6 Kf7 30. f3 Nf6 31. Re7+ Kg6 32. Rxa7 Re8 33.
Kf2 1-0

[Event "PNWCC Masters WOO 2020"]
[Site "chess.com INT"]
[Date "2020.07.04"]
[Round "1.37"]
[White "McConnell, Griffin"]
[Black "Vokhidov, Shamsiddin"]
[Result "0-1"]
[BlackTitle "GM"]
[WhiteElo "1823"]
[BlackElo "2512"]
[WhiteFideId "30942551"]
[BlackFideId "14204223"]
[EventDate "2020.07.04"]

1. e4 c5 2. Nc3 Nc6 3. Bb5 Nd4 4. Nf3 a6 5. Bd3 Nc6 6. O-O e6 7. e5 d5 8. exd6
Bxd6 9. Ne4 Be7 10. Qe2 b6 11. c3 Bb7 12. b3 Nf6 13. Bb2 Nd5 14. Bc2 O-O 15. Qd3
g6 16. a3 f5 17. c4 Nf4 18. Qxd8 Raxd8 19. Ng3 Nd4 20. Bxd4 cxd4 21. d3 g5 22.
Rfd1 Nxg2 23. Kxg2 g4 24. Re1 gxf3+ 25. Kh1 Rf6 26. b4 Kf7 27. Bb3 Bd6 28. Nxf5
Rxf5 29. c5 Be5 30. Rac1 Rh5 0-1

[Event "PNWCC Masters WOO 2020"]
[Site "chess.com INT"]
[Date "2020.07.04"]
[Round "1.41"]
[White "Vega, Isaac"]
[Black "Murzin, Volodar"]
[Result "0-1"]
[BlackTitle "IM"]
[WhiteElo "1735"]
[BlackElo "2465"]
[WhiteFideId "30914035"]
[BlackFideId "44155573"]
[EventDate "2020.07.04"]

1. e4 d6 2. d4 Nf6 3. Nc3 g6 4. h3 Bg7 5. Be3 Nbd7 6. g4 e5 7. Nge2 O-O 8. Bg2
Re8 9. O-O h5 10. g5 Nh7 11. h4 f6 12. f4 fxg5 13. fxg5 exd4 14. Bxd4 Ne5 15.
Nf4 Bg4 16. Qd2 c6 17. b3 Nf8 18. Rae1 Qa5 19. Qf2 Nfd7 20. Nxg6 Be6 21. Nf4 Rf8
22. Qg3 Nf3+ 23. Rxf3 Bxd4+ 24. Kh1 Bg4 25. Rd3 Bxc3 26. Rxc3 Rxf4 27. b4 Qe5
28. Rd3 Raf8 29. Red1 Bxd1 0-1

[Event "PNWCC Masters WOO 2020"]
[Site "chess.com INT"]
[Date "2020.07.04"]
[Round "1.42"]
[White "Yip, Carissa"]
[Black "Su, Kevin"]
[Result "1-0"]
[WhiteTitle "IM"]
[WhiteElo "2421"]
[BlackElo "1768"]
[WhiteFideId "2090732"]
[BlackFideId "30937370"]
[EventDate "2020.07.04"]

1. e4 c5 2. Nf3 e6 3. d4 cxd4 4. Nxd4 Nc6 5. Nc3 Qc7 6. Be3 a6 7. Qd2 Nf6 8.
O-O-O Be7 9. f4 b5 10. e5 b4 11. exf6 bxc3 12. Qxc3 Bxf6 13. g4 Bb7 14. g5 Bxd4
15. Rxd4 Rc8 16. Ra4 Nd4 17. Qxc7 Rxc7 18. Bxd4 Bxh1 19. Bxg7 Rg8 20. Be5 Rc5
21. b4 Rxe5 22. fxe5 Rxg5 23. Bxa6 Rxe5 24. b5 d6 25. b6 Kd7 26. Rb4 Ra5 27. b7
Bxb7 28. Bxb7 Rxa2 29. Be4 d5 30. Bxh7 Ra1+ 31. Kd2 Rh1 32. Rh4 f5 33. Bg6 Ke7
34. Bh5 Kf6 35. Bf3 Rf1 36. Be2 Ra1 37. Bd1 Kg5 38. Rh8 e5 39. h4+ Kf4 40. h5 d4
41. Rd8 Ra6 42. Be2 Rh6 43. Kd3 Rc6 44. Kd2 Rc3 45. Bd3 e4 46. Rxd4 Rc6 47. Be2
Rh6 48. Rd8 Ke5 49. c4 f4 50. Rd5+ Ke6 51. Bg4+ Ke7 52. Re5+ Kf6 53. Rxe4 Kg5
54. Bf3 Rd6+ 55. Ke2 Ra6 56. Re5+ Kf6 57. Rd5 Ra2+ 58. Rd2 Ra3 59. c5 Rc3 60. c6
Kg5 61. Rd5+ Kh4 62. Rd3 Rc2+ 63. Rd2 Rc3 64. h6 Re3+ 65. Kf2 Re8 66. h7 Rh8 67.
c7 1-0

[Event "PNWCC Masters WOO 2020"]
[Site "chess.com INT"]
[Date "2020.07.04"]
[Round "1.43"]
[White "Aaron, Michael"]
[Black "Li, Ben"]
[Result "0-1"]
[BlackTitle "IM"]
[WhiteElo "1699"]
[BlackElo "2376"]
[WhiteFideId "30963346"]
[BlackFideId "2089980"]
[EventDate "2020.07.04"]

1. Nf3 d5 2. c4 d4 3. b4 c5 4. e3 Nf6 5. exd4 cxd4 6. d3 e5 7. a3 Bd6 8. g3 O-O
9. Bg2 a5 10. b5 Nbd7 11. Bg5 Nc5 12. O-O a4 13. Qc2 Bf5 14. Ne1 h6 15. Bxf6
Qxf6 16. Nd2 Qe7 17. Ne4 Nxe4 18. Bxe4 Be6 19. Qb2 Rad8 20. Nc2 f5 21. Bg2 f4
22. Be4 Bh3 23. f3 fxg3 24. hxg3 Qg5 25. Kh2 Bxf1 26. Rxf1 Qd2+ 27. Kg1 b6 28.
Rf2 Qg5 29. Rg2 Kh8 30. Nb4 Qe3+ 31. Kh2 Bxb4 32. axb4 Rxf3 33. c5 Rf6 34. c6
Rdf8 35. Re2 Rf2+ 0-1

[Event "PNWCC Masters WOO 2020"]
[Site "chess.com INT"]
[Date "2020.07.04"]
[Round "1.46"]
[White "Nguyen, Duc Hoa"]
[Black "Ji, Yunze Owen"]
[Result "1-0"]
[WhiteTitle "GM"]
[WhiteElo "2406"]
[BlackElo "1553"]
[WhiteFideId "12401358"]
[BlackFideId "30965276"]
[EventDate "2020.07.04"]

1. d4 Nf6 2. c4 g6 3. Nf3 Bg7 4. g3 d5 5. cxd5 Nxd5 6. Bg2 O-O 7. O-O Nb6 8. Nc3
Nc6 9. d5 Na5 10. e4 c6 11. Bf4 Nac4 12. b3 e5 13. Bg5 f6 14. Bc1 cxd5 15. bxc4
dxe4 16. Nd2 f5 17. Ba3 Rf7 18. c5 Rd7 19. Qb3+ Kh8 20. Rad1 Nd5 21. Ndxe4 Nxc3
22. Nxc3 1-0

[Event "PNWCC Masters WOO 2020"]
[Site "chess.com INT"]
[Date "2020.07.04"]
[Round "1.48"]
[White "Zhao, Ian"]
[Black "Chang, Eddie"]
[Result "1-0"]
[WhiteTitle "FM"]
[WhiteElo "2380"]
[BlackElo "1667"]
[WhiteFideId "2620740"]
[BlackFideId "30960932"]
[EventDate "2020.07.04"]

1. e4 c5 2. Nf3 d6 3. d4 cxd4 4. Nxd4 Nf6 5. Nc3 Nc6 6. Bg5 e6 7. Qd2 a6 8.
O-O-O Bd7 9. f4 b5 10. Bxf6 gxf6 11. Kb1 Qb6 12. Nxc6 Bxc6 13. f5 b4 14. Ne2 e5
15. Ng3 h5 16. h4 Qc5 17. Qe2 Bb5 18. Qf3 Bc6 19. Nxh5 Rxh5 20. Qxh5 Bxe4 21.
Rd2 Rc8 22. Bd3 Bb7 23. Re1 Qa5 24. Qe2 d5 25. g4 Bh6 26. g5 Bg7 27. Qf2 Kf8 28.
h5 fxg5 29. f6 Bh6 30. Rxe5 Qd8 31. Re7 Rc7 32. Qb6 Qxe7 33. fxe7+ Rxe7 34.
Qxh6+ 1-0

[Event "PNWCC Masters WOO 2020"]
[Site "chess.com INT"]
[Date "2020.07.04"]
[Round "1.49"]
[White "Jiang, Leo"]
[Black "Kumar, Nikhil"]
[Result "0-1"]
[BlackTitle "FM"]
[WhiteElo "1592"]
[BlackElo "2328"]
[WhiteFideId "30952140"]
[BlackFideId "30909040"]
[EventDate "2020.07.04"]

1. d4 Nf6 2. c4 e6 3. Nf3 d5 4. g3 Be7 5. Bg2 O-O 6. Nbd2 b6 7. O-O Bb7 8. Qc2
Nbd7 9. b3 c5 10. Bb2 Rc8 11. Ne5 Qc7 12. Nxd7 Qxd7 13. dxc5 dxc4 14. Bxb7 Qxb7
15. Nxc4 Rxc5 16. Ba3 Rxc4 17. Qxc4 Bxa3 18. b4 a5 19. bxa5 bxa5 20. Rab1 Qe7
21. Qa4 Bb4 22. Rb3 Nd5 23. Rc1 Ra8 24. Qc6 Rd8 25. Rd1 g6 26. Rbd3 Rb8 27. e4
Nf6 28. Kg2 Kg7 29. h3 h5 30. Qc2 Qb7 31. f3 Rc8 32. Qb3 Qc6 33. Rf1 h4 34. Qb2
hxg3 35. Kxg3 Bc3 36. Qb3 Nh5+ 37. Kh2 Be5+ 0-1

[Event "PNWCC Masters WOO 2020"]
[Site "chess.com INT"]
[Date "2020.07.04"]
[Round "1.50"]
[White "Stefanov, Emil"]
[Black "Kozower, Ethan"]
[Result "1-0"]
[WhiteTitle "IM"]
[WhiteElo "2350"]
[BlackElo "1562"]
[WhiteFideId "2914794"]
[BlackFideId "30947227"]
[EventDate "2020.07.04"]

1. d4 Nf6 2. c4 e6 3. Nf3 d5 4. Nc3 Bb4 5. Bg5 h6 6. Bxf6 Qxf6 7. Qa4+ Nc6 8. e3
O-O 9. Rc1 Rd8 10. Qc2 e5 11. cxd5 Rxd5 12. Bc4 Rd8 13. O-O Bxc3 14. bxc3 Bf5
15. Qb2 Rab8 16. Bb5 Bg4 17. Nd2 a6 18. Bxc6 Qxc6 19. f3 Bf5 20. e4 Bg6 21. Nb3
Qb6 22. Qf2 Qf6 23. Rfd1 b5 24. Qg3 Qf4 25. Qxf4 exf4 26. Nc5 Rd6 27. Nd3 Rf6
28. Rb1 Rbb6 29. Rb2 Bh7 30. Nb4 Rfd6 31. Nd5 Rxd5 32. exd5 Bf5 33. Re1 Rd6 34.
Re8+ Kh7 35. Re7 Rxd5 36. Rxc7 Rd6 37. Rxf7 Kg6 38. Rc7 Bd3 39. Kf2 Re6 40. Rd2
Bc4 41. d5 Rd6 42. Rc6 Rxc6 43. dxc6 1-0

[Event "PNWCC Masters WOO 2020"]
[Site "chess.com INT"]
[Date "2020.07.04"]
[Round "1.51"]
[White "Pillai, Adithya"]
[Black "Nandhidhaa, P V"]
[Result "0-1"]
[BlackTitle "WGM"]
[WhiteElo "1663"]
[BlackElo "2365"]
[WhiteFideId "30937396"]
[BlackFideId "5050847"]
[EventDate "2020.07.04"]

1. e4 e5 2. Nf3 Nc6 3. Bb5 Nd4 4. Nxd4 exd4 5. d3 Bc5 6. O-O c6 7. Bc4 d5 8.
exd5 cxd5 9. Bb3 Ne7 10. Nd2 O-O 11. c4 dxc3 12. bxc3 Bf5 13. d4 Bb6 14. Bc2 Rc8
15. Bxf5 Nxf5 16. Qb3 Re8 17. a4 Ba5 18. Bb2 Qb6 19. Rac1 Nxd4 20. cxd4 Bxd2 21.
Rxc8 Rxc8 22. Qh3 Re8 23. Qd7 Qc6 24. Qxc6 bxc6 25. Ba3 Be1 26. h3 f6 27. Bc1
Re2 28. Be3 Kf7 29. g3 Ke6 30. Kg2 Bb4 31. Rc1 Kd7 32. Ra1 a5 33. Kf3 Rc2 34. h4
Rb2 35. Kg4 Bc3 36. Ra3 Bxd4 37. Bxd4 Rb4 38. Kf5 Rxd4 39. h5 c5 40. h6 gxh6 41.
Kxf6 c4 42. Ke5 Rd3 43. Ra1 c3 44. f4 c2 45. Rc1 Rd2 46. f5 d4 47. Kf6 d3 48.
Kg7 Rd1 49. f6 Rxc1 50. f7 Rf1 51. f8=Q Rxf8 52. Kxf8 c1=Q 53. Kg7 Qg5+ 54. Kxh7
d2 55. g4 d1=Q 56. Kh8 Qd4+ 57. Kh7 Qdg7# 0-1